Business communication : (Record no. 4381)

MARC details
000 -LEADER
fixed length control field 00943cam a2200205 i 4500
020 ## - INTERNATIONAL STANDARD BOOK NUMBER
ISBN 0070503621 :
050 00 - CALL NUMBER
Classification number HF5721
Item number .P6 1978
100 1# - AUTHOR
Personal name Poe, Roy W.,
245 10 - TITLE
Title Business communication :
Remainder of title a problem-solving approach /
Statement of responsibility, etc Roy W. Poe, Rosemary T. Fruehling.
250 ## - EDITION
Edition statement 2d ed.
260 ## - PUBLICATION INFORMATION
Place of publication New York :
Name of publisher Gregg Division, McGraw-Hill,
Year of publication c1978.
300 ## - DESCRIPTION
Number of Pages ix, 358 p. ;
Dimensions 25 cm.
500 ## - NOTES
General note Includes index.
505 ## - FORMATTED CONTENTS NOTE
Table of Content 1. Background for business writing<br/>2. Letters and memos nearly everyone writes <br/>3. Winning and keeping customers<br/>4. Solving customer problems<br/>5. The administrative assistant<br/>6. General management communications<br/>7. Letters of appreciation and congratulations<br/>8. Employment communications<br/>9. Business reports<br/>10. Communications project
650 #0 - SUBJECTS
Topical Term Commercial correspondence.
650 #0 - SUBJECTS
Topical Term Business writing.
650 #0 - SUBJECTS
Topical Term Business communication.
700 1# - OTHER AUTHORS
Personal name Fruehling, Rosemary T.,
942 ## - ADDED ENTRY ELEMENTS (KOHA)
Koha item type Books
Holdings
Withdrawn status Lost status Collection code Home library Current library Shelving location Date acquired Full call number Accession Number Koha item type
    Reference Methodist University Library Main Methodist University Library Main General Stacks 12/09/2018 HF5721 .P6 1978 27534 Books
Copyright © 2026  MUG Library